000 00427 a2200181 4500
001 140308
040 _cLeonardo Da Vinci
041 _aPortuguês
082 _a421.1 S179sa
_bS179sa
100 _aSAMARA, Samira
245 _aStart reading
_b2. Grau
250 _a8.ed. v.1
260 _bSaraiva
_c1987
_aSão Paulo
300 _a176
362 _a19870000
697 _aInglês
_aGramática
_aEnsino Médio
942 _cBK
999 _c140308
_d140308